[Event "19th Dubai Open 2017"]
[Site "Dubai UAE"]
[Date "2017.04.08"]
[Round "5.21"]
[White "Sidhant, Mohapatra"]
[Black "Salgado Lopez, Ivan"]
[Result "1-0"]
[BlackTitle "GM"]
[WhiteElo "2341"]
[BlackElo "2641"]
[WhiteFideId "5028698"]
[BlackFideId "2257327"]
[EventDate "2017.04.03"]

1. e4 g6 2. d4 Bg7 3. Nc3 a6 4. Be3 b5 5. h4 h6 6. Qd2 Bb7 7. f3 e6 8. O-O-O Ne7
9. Nh3 d6 10. Nf2 Nd7 11. h5 g5 12. f4 b4 13. Ne2 gxf4 14. Nxf4 c5 15. dxc5 dxc5
16. Bc4 Qc7 17. Ng4 O-O-O 18. Qe2 Qc6 19. Rhf1 Nb6 20. Kb1 Nxc4 21. Qxc4 Qxe4
22. Qxc5+ Nc6 23. Nf2 Qe5 24. N2d3 Qc7 25. Qc4 Bd4 26. Bc1 a5 27. Ne2 Bb6 28.
Bf4 e5 29. Bh2 Rd7 30. Rf6 Rg8 31. g4 Nd8 32. Qb5 Ne6 33. Bxe5 Qc6 34. Qxc6+
Bxc6 35. Rxh6 Bf3 36. Re1 Bxg4 37. Nef4 Ba7 38. Nxe6 Bxe6 39. Rf6 Rg4 40. Rf4
Rxf4 41. Bxf4 Bb6 42. Re5 Bc4 43. Re8+ Kb7 44. h6 f6 45. Rh8 Kc6 46. h7 Kb5 47.
Rb8 Rxh7 48. Be3 Bxd3 49. Rxb6+ Kc4 50. b3+ Kd5 51. cxd3 Rh3 52. Bc1 Rf3 53. Kc2 1-0

[Event "19th Dubai Open 2017"]
[Site "Dubai UAE"]
[Date "2017.04.08"]
[Round "5.22"]
[White "Saurabh, Anand"]
[Black "Tari, Aryan"]
[Result "0-1"]
[BlackTitle "GM"]
[WhiteElo "2284"]
[BlackElo "2597"]
[WhiteFideId "5094496"]
[BlackFideId "1510045"]
[EventDate "2017.04.03"]

1. e4 e5 2. Nf3 Nc6 3. d4 exd4 4. Nxd4 Nf6 5. Nxc6 bxc6 6. e5 Qe7 7. Qe2 Nd5 8.
c4 Nb6 9. Nc3 Qe6 10. Qe4 g6 11. Bd3 Bg7 12. f4 O-O 13. O-O f5 14. exf6 Qxf6 15.
Kh1 Ba6 16. c5 d5 17. cxd6 Rae8 18. Qf3 Bxd3 19. Qxd3 cxd6 20. Bd2 d5 21. b3 c5
22. Rae1 Qc6 23. Rxe8 Rxe8 24. Re1 Rxe1+ 25. Bxe1 c4 26. bxc4 dxc4 27. Qd8+ Kf7
28. h3 Bxc3 29. Bxc3 Nd5 30. Qh8 Nxc3 31. Qxc3 Qc7 32. g3 Qb7+ 33. Kh2 Qe4 34.
Qa5 Qe2+ 35. Kg1 Qe3+ 36. Kg2 Ke6 37. Qb5 Qe2+ 38. Kg1 Kd6 39. a4 Qe3+ 40. Kg2
c3 41. Qa6+ Kd5 42. Qb5+ Kd4 43. Qd7+ Ke4 44. Qe6+ Kd3 45. Qd5+ Ke2 46. Qa2+ Ke1
47. Qb1+ Kd2 48. Qa2+ c2 49. Qd5+ 0-1

[Event "19th Dubai Open 2017"]
[Site "Dubai UAE"]
[Date "2017.04.08"]
[Round "5.23"]
[White "Indjic, Aleksandar"]
[Black "Thakur, Akash"]
[Result "1/2-1/2"]
[WhiteTitle "GM"]
[BlackTitle "FM"]
[WhiteElo "2589"]
[BlackElo "2363"]
[WhiteFideId "911925"]
[BlackFideId "5008514"]
[EventDate "2017.04.03"]

1. c4 c6 2. d4 d5 3. Nf3 Nf6 4. Nc3 dxc4 5. a4 Bf5 6. e3 e6 7. Bxc4 Bb4 8. O-O
Nbd7 9. h3 O-O 10. Nh4 Nb6 11. Bb3 Ne4 12. Nxf5 exf5 13. Qf3 Nxc3 14. bxc3 Bxc3
15. Ra2 g6 16. Ba3 Re8 17. Rc1 Ba5 18. g4 Nd7 19. gxf5 Qf6 20. e4 Nf8 21. Kh1
Ne6 22. Bxe6 fxe6 23. Rg1 exf5 24. Qxf5 Qxf5 25. exf5 Kf7 26. Rb2 b6 27. fxg6+
hxg6 28. Rg3 Rad8 29. Rf3+ Kg7 30. Rc2 Re6 31. Bb2 Rd5 32. Re3 Kf7 33. Rxe6 Kxe6
34. Rxc6+ Kf5 35. Kg2 b5 36. axb5 Rxb5 37. Ba3 Bb6 38. Bc5 Bxc5 39. dxc5 a5 40.
Rc8 Ke6 41. h4 a4 42. c6 Ra5 43. Rg8 Kd6 44. Rxg6+ Kc7 45. Kf3 a3 46. Rg1 a2 47.
Ra1 Kxc6 48. h5 Kd5 49. h6 Ke6 50. h7 Rh5 51. Rxa2 Rxh7 52. Kf4 Rb7 53. Ra6+ Kf7
54. Kg4 Rb5 55. f4 Rc5 56. Rh6 Ra5 57. Rh7+ Kf6 58. Rb7 Rc5 59. Rb1 Ra5 60. Rc1
Rb5 61. Ra1 Rc5 62. Ra6+ Kf7 63. Rh6 Ra5 64. Rh5 Rxh5 65. Kxh5 Kf6 66. Kg4 Kg6
67. f5+ Kf6 68. Kf4 Kf7 69. Kg5 Kg7 70. f6+ Kf7 71. Kf5 Kf8 72. Kg6 Kg8 73. f7+
Kf8 74. Kf6 1/2-1/2

[Event "19th Dubai Open 2017"]
[Site "Dubai UAE"]
[Date "2017.04.08"]
[Round "5.24"]
[White "Abasov, Nijat"]
[Black "Kulkarni, Bhakti"]
[Result "1-0"]
[WhiteTitle "GM"]
[BlackTitle "CM"]
[WhiteElo "2588"]
[BlackElo "2286"]
[WhiteFideId "13402960"]
[BlackFideId "5019516"]
[EventDate "2017.04.03"]

1. e4 c6 2. d4 d5 3. e5 Bf5 4. Nf3 e6 5. Be2 Nd7 6. Nbd2 Bg6 7. c3 Nh6 8. O-O
Be7 9. a4 O-O 10. Re1 Qc7 11. b4 f6 12. Nb3 fxe5 13. Bxh6 e4 14. Ng5 Rf6 15. Bg4
Bf5 16. Nxe4 dxe4 17. Bg5 Bxg4 18. Qxg4 Rg6 19. h4 Bxg5 20. hxg5 Rf8 21. Rxe4
Rf5 22. Rxe6 Rgxg5 23. Re8+ Kf7 24. Qe2 Nf6 25. Re1 Kg6 26. Re7 Qb8 27. Nd2 Nd5
28. Qe6+ Rf6 29. Qe4+ Kh6 30. Nf3 Rf4 31. Re6+ g6 32. Qd3 Rgf5 33. Ne5 Kg7 34.
c4 Nf6 35. Re7+ Kg8 36. Qh3 Qd6 37. Nxg6 Qxd4 38. Nxf4 Qxf4 39. Qg3+ 1-0

[Event "19th Dubai Open 2017"]
[Site "Dubai UAE"]
[Date "2017.04.08"]
[Round "5.25"]
[White "Lalith, Babu M R"]
[Black "Grigoryan, Karen"]
[Result "1-0"]
[WhiteTitle "GM"]
[BlackTitle "IM"]
[WhiteElo "2571"]
[BlackElo "2308"]
[WhiteFideId "5024595"]
[BlackFideId "14000121"]
[EventDate "2017.04.03"]

1. Nf3 Nf6 2. c4 e6 3. g3 b6 4. Bg2 Bb7 5. O-O Be7 6. Nc3 O-O 7. Re1 c5 8. e4 d6
9. d4 cxd4 10. Nxd4 Qc8 11. b3 a6 12. Ba3 Nbd7 13. Rc1 Re8 14. Rc2 Qc7 15. Rd2
Rad8 16. Bb2 Qb8 17. a4 Rc8 18. Ba3 Nc5 19. f4 Bf8 20. Bb2 Qa8 21. Rde2 Rcd8 22.
b4 Ncd7 23. Rd2 h6 24. b5 e5 25. bxa6 Bxa6 26. Ndb5 Qc6 27. Qe2 Rc8 28. Nd5 Bxb5
29. cxb5 Qc5+ 30. Kh1 Nxd5 31. Rxd5 Qc2 32. Bh3 Qxe2 33. Rxe2 Nf6 34. Bxc8 Nxd5
35. exd5 Rxc8 36. fxe5 dxe5 37. Bxe5 Rc1+ 38. Kg2 Rd1 39. Bc7 Bc5 40. d6 Rd4 41.
a5 bxa5 42. b6 Bxb6 43. Bxb6 Rxd6 44. Bxa5 Rd5 45. Bc3 h5 46. Re8+ Kh7 47. Re5
Rxe5 48. Bxe5 f6 49. Bc3 Kg6 50. Kf3 Kf5 51. h4 g6 52. Bb2 g5 53. Bc3 Kg6 54.
Ke4 1-0

[Event "19th Dubai Open 2017"]
[Site "Dubai UAE"]
[Date "2017.04.08"]
[Round "5.26"]
[White "Arjun, Kalyan"]
[Black "Xu, Yinglun"]
[Result "0-1"]
[WhiteElo "2280"]
[BlackElo "2557"]
[WhiteFideId "35018701"]
[BlackFideId "8604940"]
[EventDate "2017.04.03"]

1. e4 c5 2. Nf3 d6 3. d4 cxd4 4. Nxd4 Nf6 5. Nc3 a6 6. Bg5 Nbd7 7. Qe2 h6 8. Bh4
g6 9. f4 e5 10. fxe5 dxe5 11. O-O-O Qc7 12. Nb3 b5 13. Nd5 Nxd5 14. exd5 Bd6 15.
Qd2 Kf8 16. g4 Kg7 17. Qg2 Bb7 18. Bd3 g5 19. Be1 Nf6 20. Ba5 Qe7 21. Bf5 b4 22.
Rhe1 Rab8 23. c4 bxc3 24. Bxc3 Ba8 25. Na5 Qc7 26. Nc6 Bxc6 27. dxc6 Rb6 28. h4
Rxc6 29. hxg5 hxg5 30. Qd2 Bb4 31. Re3 e4 32. Kb1 Rh2 33. Qc1 Bxc3 34. Rxc3 Rxc3
35. Qxg5+ Kf8 36. Qxf6 Rd3 37. Rc1 Qd8 38. Qxd8+ Rxd8 39. Bxe4 Rdd2 40. Bc2 Rhg2
41. b4 Rxg4 42. a3 Rc4 43. Kb2 f5 44. Kb3 Rc8 45. a4 f4 46. b5 a5 47. b6 Rd6 0-1

[Event "19th Dubai Open 2017"]
[Site "Dubai UAE"]
[Date "2017.04.08"]
[Round "5.27"]
[White "Schroeder, Jan-Christian"]
[Black "Harikrishnan, A. Ra"]
[Result "1/2-1/2"]
[WhiteTitle "GM"]
[WhiteElo "2529"]
[BlackElo "2305"]
[WhiteFideId "24662259"]
[BlackFideId "5081483"]
[EventDate "2017.04.03"]

1. e4 e6 2. d4 d5 3. Nd2 Nf6 4. e5 Nfd7 5. Bd3 c5 6. c3 Nc6 7. Ne2 cxd4 8. cxd4
f6 9. exf6 Nxf6 10. Nf3 Bd6 11. O-O O-O 12. Bf4 Bxf4 13. Nxf4 Ne4 14. Ne2 Ng5
15. Ne5 Nxe5 16. dxe5 Nf7 17. Nd4 g6 18. Qe2 Bd7 19. Qe3 Rc8 20. Nb3 Ba4 21. Nd4
Bd7 22. Rfe1 Qb6 23. Nb3 Qxe3 24. Rxe3 Nh6 25. Re2 Rf4 26. Rc1 Rxc1+ 27. Nxc1
Rd4 28. f3 Bb5 29. Bxb5 Rd1+ 30. Kf2 Rxc1 31. Bd3 Nf5 32. Rc2 Rxc2+ 33. Bxc2 Nd4
34. Bb1 g5 35. Ke3 Nc6 36. f4 gxf4+ 37. Kxf4 Ne7 38. h4 Ng6+ 39. Bxg6 hxg6 40.
g4 Kf7 41. Ke3 Kg7 42. Kd4 Kf7 43. Kc5 Kg7 44. a4 Kf7 45. a5 Ke7 46. b4 Kf7 47.
b5 Kg7 48. b6 axb6+ 49. axb6 Kf7 50. Kb5 Kg7 51. Kc5 1/2-1/2

[Event "19th Dubai Open 2017"]
[Site "Dubai UAE"]
[Date "2017.04.08"]
[Round "5.28"]
[White "Sankalp, Gupta"]
[Black "Mastrovasilis, Athanasios"]
[Result "0-1"]
[BlackTitle "GM"]
[WhiteElo "2265"]
[BlackElo "2524"]
[WhiteFideId "5097010"]
[BlackFideId "4201990"]
[EventDate "2017.04.03"]

1. e4 c5 2. Nf3 Nc6 3. d4 cxd4 4. Nxd4 e5 5. Nb5 d6 6. N1c3 a6 7. Na3 b5 8. Nd5
Nge7 9. c4 Nxd5 10. cxd5 Nd4 11. Bd3 g6 12. O-O Bg7 13. Nc2 Nxc2 14. Qxc2 Bd7
15. Bd2 O-O 16. Rac1 Rc8 17. Qb3 Rxc1 18. Rxc1 f5 19. Qa3 fxe4 20. Bxe4 Qh4 21.
f3 Bh6 22. Be1 Qg5 23. Rd1 Qe3+ 24. Qxe3 Bxe3+ 25. Bf2 Bxf2+ 26. Kxf2 Rc8 27.
Ke3 Bf5 28. Rd2 Kf7 29. Rf2 Rc1 30. Kd2 Ra1 31. a3 Ke7 32. Kc3 a5 33. Kd3 h5 34.
g3 Rd1+ 35. Ke3 Kd7 36. Rd2 Re1+ 37. Re2 Rf1 38. Rf2 Rd1 39. Rd2 Rc1 40. Kd3 Rc5
41. Ke3 Kc7 42. Rf2 Rc4 43. h3 b4 44. axb4 Rxb4 45. Rc2+ Kd7 46. g4 Bxe4 47.
fxe4 Rb3+ 48. Kf2 Rxh3 49. Rc6 hxg4 50. Ra6 Rf3+ 51. Kg2 Rf4 52. Rxa5 Rxe4 53.
Ra7+ Ke8 54. Rg7 Rd4 55. Kg3 Rxd5 56. Kxg4 Rb5 57. Rxg6 Kd7 58. Kf5 Rxb2 59. Rg8
Rf2+ 60. Ke4 Rf4+ 61. Ke3 Ke6 62. Re8+ Kd5 63. Ra8 Rh4 64. Ra5+ Ke6 65. Ra6 Rb4
66. Kd3 Kd5 67. Ra5+ Kc6 68. Ra6+ Kc5 69. Ra8 e4+ 70. Ke3 d5 71. Rc8+ Kd6 72.
Rd8+ Ke6 73. Re8+ Kd7 74. Rh8 Rb3+ 75. Ke2 Kd6 76. Ra8 Ke5 77. Ra5 Rc3 78. Kd2
Rd3+ 79. Ke2 Kf4 80. Rb5 d4 81. Rb8 Re3+ 82. Kf2 Rf3+ 0-1

[Event "19th Dubai Open 2017"]
[Site "Dubai UAE"]
[Date "2017.04.08"]
[Round "5.29"]
[White "Blagojevic, Tijana"]
[Black "Kuybokarov, Temur"]
[Result "0-1"]
[WhiteTitle "WIM"]
[BlackTitle "IM"]
[WhiteElo "2261"]
[BlackElo "2504"]
[WhiteFideId "16500270"]
[BlackFideId "14203049"]
[EventDate "2017.04.03"]

1. e4 c5 2. Nf3 d6 3. Bb5+ Nd7 4. O-O a6 5. Bd3 Ngf6 6. a4 b6 7. Re1 Bb7 8. c3
e5 9. Na3 Be7 10. Bc2 O-O 11. d3 h6 12. Bb3 b5 13. c4 b4 14. Nc2 Nh7 15. Ne3 g6
16. Nd2 Bg5 17. Nf3 Bxe3 18. Bxe3 g5 19. Nd2 f5 20. exf5 Rxf5 21. Ne4 Qe7 22.
Bc2 Raf8 23. Qh5 Qe6 24. h4 Kg7 25. Ng3 R5f6 26. Bd1 Qf7 27. Rf1 Rg6 28. hxg5
hxg5 29. Qg4 Rh8 30. Qf5 Nhf6 31. Bxg5 Qg8 32. f4 exf4 33. Rxf4 Qe8 34. Ne4 Nxe4
35. dxe4 Rf8 36. Qg4 Rxf4 37. Qxf4 Qe5 38. Qxe5+ Nxe5 39. Bf4 Nd3 40. Bh5 Nxf4
41. Bxg6 Kxg6 42. Rd1 Ne2+ 43. Kf2 Nd4 44. Ke3 a5 45. Rf1 Bc6 46. Rf8 Ne6 47.
Rb8 Bxa4 48. Ra8 Bb3 49. Rxa5 Bxc4 50. Ra7 Bf1 51. Kf2 Bb5 52. Rb7 Bc6 53. Rb6
Nd4 54. Ke3 Kf6 55. Rb8 Ke5 56. g4 Bxe4 57. Re8+ Ne6 58. g5 d5 59. g6 Bxg6 0-1

[Event "19th Dubai Open 2017"]
[Site "Dubai UAE"]
[Date "2017.04.08"]
[Round "5.30"]
[White "Xu, Xiangyu"]
[Black "Pratyusha, Bodda"]
[Result "1-0"]
[WhiteTitle "IM"]
[BlackTitle "WIM"]
[WhiteElo "2503"]
[BlackElo "2281"]
[WhiteFideId "8608288"]
[BlackFideId "5000629"]
[EventDate "2017.04.03"]

1. Nf3 d5 2. g3 c6 3. Bg2 Bg4 4. O-O Nd7 5. d3 Ngf6 6. Qe1 e5 7. e4 dxe4 8. dxe4
Bxf3 9. Bxf3 Bc5 10. Nd2 O-O 11. a4 a5 12. Nc4 Re8 13. Bd2 b6 14. Qe2 Qc7 15.
Rfd1 Nf8 16. Bc3 Bb4 17. Bxb4 axb4 18. Qd2 c5 19. Qd6 Qxd6 20. Nxd6 Red8 21. Nc4
Rxd1+ 22. Rxd1 Rxa4 23. Nxe5 Ra2 24. Be2 Rxb2 25. Bc4 g6 26. Bxf7+ Kg7 27. Bb3
Nxe4 28. Nc4 Rxb3 29. cxb3 Nc3 30. Rd6 b5 31. Ne5 Ne2+ 32. Kf1 Nd4 33. Nd3 Nxb3
34. Rc6 c4 35. Nxb4 Kf7 36. Rb6 Nd4 37. Ke1 Nd7 38. Rd6 Ne5 39. f4 Nef3+ 40. Kf2
Ke7 41. Rd5 Ke6 42. Ke3 Nc2+ 43. Kxf3 Nxb4 44. Rxb5 Nd5 45. Rc5 c3 46. Ke4 Nf6+
47. Kd3 Ng4 48. h3 Nf2+ 49. Ke3 Nxh3 50. Kf3 g5 51. Rxc3 h5 52. Kg2 g4 53. Rc6+
Kf5 54. Rh6 1-0

[Event "19th Dubai Open 2017"]
[Site "Dubai UAE"]
[Date "2017.04.08"]
[Round "5.31"]
[White "Stany, G.A."]
[Black "Aliyev, Ravan"]
[Result "1/2-1/2"]
[WhiteTitle "IM"]
[WhiteElo "2495"]
[BlackElo "2256"]
[WhiteFideId "5029104"]
[BlackFideId "13409980"]
[EventDate "2017.04.03"]

1. e4 e6 2. d4 d5 3. e5 c5 4. c3 Nc6 5. Nf3 Bd7 6. Be2 Nge7 7. O-O Nf5 8. dxc5
Bxc5 9. Bd3 Nh4 10. Nbd2 Ng6 11. Nb3 Bb6 12. Re1 O-O 13. Nbd4 h6 14. Bc2 a6 15.
g3 f5 16. Be3 Nge7 17. Qd2 Nxd4 18. Nxd4 Nc6 19. Nf3 Be8 20. Ba4 Nxe5 21. Nxe5
Bxa4 22. Bxb6 Qxb6 23. Nd3 Rae8 24. Re5 Bb5 25. Nf4 g5 26. Ng2 Rf6 27. h4 Rg6
28. hxg5 hxg5 29. Rae1 Rf8 30. R1e3 f4 31. Rf3 Qc7 32. Qe1 Rff6 33. gxf4 gxf4
34. Rh5 Qg7 35. Rh2 Rf5 36. Kh1 Bc6 37. Rfh3 d4 38. f3 Rfg5 39. cxd4 Bd5 40. Qd2
Rg3 41. Qxf4 Rxh3 42. Rxh3 Rxg2 43. Qb8+ Kf7 44. Qc7+ Ke8 45. Qc8+ Ke7 46. Qc7+ 1/2-1/2

[Event "19th Dubai Open 2017"]
[Site "Dubai UAE"]
[Date "2017.04.08"]
[Round "5.33"]
[White "Arjun, K"]
[Black "Deepan, Chakkravarthy J."]
[Result "0-1"]
[BlackTitle "GM"]
[WhiteElo "2232"]
[BlackElo "2483"]
[WhiteFideId "5048842"]
[BlackFideId "5011132"]
[EventDate "2017.04.03"]

1. e4 c5 2. c3 Nf6 3. e5 Nd5 4. d4 cxd4 5. Nf3 Nc6 6. cxd4 d6 7. Bc4 Nb6 8. Bb3
dxe5 9. d5 Na5 10. Nc3 g6 11. Nxe5 Nxb3 12. Qxb3 Bg7 13. Bf4 O-O 14. Rd1 a5 15.
O-O a4 16. Qb5 a3 17. b3 Bf5 18. Rfe1 Re8 19. Ne4 Rc8 20. Ng5 Qd6 21. Ngxf7 Qc5
22. Qxc5 Rxc5 23. Be3 Rc2 24. Bxb6 Rxa2 25. Bd4 Bc2 26. b4 Bxd1 27. Rxd1 Rc8 28.
g3 Rac2 29. Kg2 a2 30. Ra1 Rf8 31. Ng5 Bxe5 32. Bxe5 Rfxf2+ 33. Kh3 Rxh2+ 34.
Kg4 Rhf2 35. Ne6 h5+ 36. Kh4 Rf5 0-1

[Event "19th Dubai Open 2017"]
[Site "Dubai UAE"]
[Date "2017.04.08"]
[Round "5.34"]
[White "Santos Ruiz, Miguel"]
[Black "Jayakumaar, S"]
[Result "1-0"]
[WhiteTitle "IM"]
[WhiteElo "2480"]
[BlackElo "2229"]
[WhiteFideId "22291482"]
[BlackFideId "5090997"]
[EventDate "2017.04.03"]

1. e4 c5 2. Nf3 Nc6 3. Bb5 g6 4. Bxc6 dxc6 5. d3 Bg7 6. h3 Nf6 7. Nc3 Nd7 8. Be3
e5 9. Qd2 h6 10. O-O b6 11. Nh2 Nf8 12. f4 exf4 13. Rxf4 Ne6 14. Rf2 h5 15. Raf1
O-O 16. Nf3 Nd4 17. Bh6 Be6 18. Ne2 Nxe2+ 19. Rxe2 f6 20. Bxg7 Kxg7 21. Qc3 Qe7
22. b3 Kg8 23. Nh4 Kg7 24. Re3 Qd6 25. Rxf6 Rxf6 26. e5 Qd4 27. exf6+ Kxf6 28.
Qe1 Bf7 29. Nf3 Qd6 30. Qc3+ Kf5 31. Re5+ 1-0

[Event "19th Dubai Open 2017"]
[Site "Dubai UAE"]
[Date "2017.04.08"]
[Round "5.35"]
[White "Kotanjian, Tigran"]
[Black "Prithu, Gupta"]
[Result "1-0"]
[WhiteTitle "GM"]
[WhiteElo "2469"]
[BlackElo "2226"]
[WhiteFideId "13301250"]
[BlackFideId "46618546"]
[EventDate "2017.04.03"]

1. d4 d5 2. c4 e6 3. Nc3 Nf6 4. Bg5 Be7 5. Nf3 O-O 6. e3 h6 7. Bh4 b6 8. Bd3 Bb7
9. O-O Nbd7 10. Qe2 Ne4 11. Bg3 Ndf6 12. cxd5 Nxg3 13. hxg3 exd5 14. Ne5 c5 15.
Rad1 Bd6 16. f4 cxd4 17. exd4 Bb4 18. g4 Bxc3 19. bxc3 Ne4 20. Bxe4 dxe4 21. g5
hxg5 22. Qh5 g4 23. f5 f6 24. Ng6 Re8 25. Rf4 e3 26. Rxg4 1-0

[Event "19th Dubai Open 2017"]
[Site "Dubai UAE"]
[Date "2017.04.08"]
[Round "5.36"]
[White "Pascua, Haridas"]
[Black "Jaiswal, Puneet"]
[Result "1-0"]
[WhiteTitle "IM"]
[WhiteElo "2441"]
[BlackElo "2219"]
[WhiteFideId "5203953"]
[BlackFideId "5006830"]
[EventDate "2017.04.03"]

1. c4 f5 2. b3 e5 3. Bb2 Nc6 4. g3 Nf6 5. Bg2 d6 6. Nc3 Be7 7. d3 O-O 8. e3 f4
9. Nf3 Qe8 10. Qe2 fxe3 11. fxe3 Bf5 12. Nd2 Bg4 13. Bf3 Bxf3 14. Nxf3 Qg6 15.
Nh4 Qg4 16. Rf1 Rae8 17. Nf5 Bd8 18. Kd2 Qxe2+ 19. Kxe2 g6 20. Nh4 Ng4 21. Nf3
Nb4 22. h3 Nf6 23. Nd2 c6 24. Nde4 Nxe4 25. Rxf8+ Rxf8 26. Nxe4 Be7 27. a3 Na6
28. b4 Nc7 29. c5 dxc5 30. bxc5 Ne6 31. Rc1 Nc7 32. Bxe5 Nd5 33. Bd6 Re8 34.
Bxe7 Rxe7 35. g4 h6 36. a4 Kg7 37. a5 a6 38. Rf1 Re5 39. Kd2 Nc7 40. Nd6 Re7 41.
Nxb7 Nd5 42. e4 Nf6 43. Nd6 Nd7 44. d4 Nf6 45. Kd3 Rd7 46. Rb1 1-0

[Event "19th Dubai Open 2017"]
[Site "Dubai UAE"]
[Date "2017.04.08"]
[Round "5.37"]
[White "Geldiyeva, Mahri"]
[Black "Nitin, S."]
[Result "0-1"]
[WhiteTitle "WGM"]
[BlackTitle "IM"]
[WhiteElo "2182"]
[BlackElo "2432"]
[WhiteFideId "14000059"]
[BlackFideId "5018277"]
[EventDate "2017.04.03"]

1. d4 Nf6 2. c4 g6 3. Nc3 Bg7 4. e4 d6 5. h3 O-O 6. Bg5 Na6 7. Nf3 c6 8. Qd2 e5
9. O-O-O exd4 10. Qxd4 h6 11. Bh4 Be6 12. Qxd6 Qa5 13. Be2 Nd7 14. Qd2 Ndc5 15.
e5 Nb4 16. Qe1 Bf5 17. Rd6 Qxa2 18. Nd4 Qa1+ 19. Kd2 Qxb2+ 20. Ke3 Bxe5 0-1

[Event "19th Dubai Open 2017"]
[Site "Dubai UAE"]
[Date "2017.04.08"]
[Round "5.38"]
[White "Asadli, Vugar"]
[Black "Sadhwani, Raunak"]
[Result "1-0"]
[WhiteTitle "IM"]
[BlackTitle "FM"]
[WhiteElo "2431"]
[BlackElo "2218"]
[WhiteFideId "13405764"]
[BlackFideId "35093487"]
[EventDate "2017.04.03"]

1. e4 c6 2. Ne2 d5 3. e5 d4 4. c3 c5 5. b4 dxc3 6. bxc5 cxd2+ 7. Nxd2 e6 8. Ba3
Qa5 9. Qb3 Nd7 10. Bb4 Qc7 11. Rc1 Nxe5 12. Nd4 Bd7 13. Nb5 Bxb5 14. Bxb5+ Nc6
15. Nc4 Nf6 16. Qa4 Rc8 17. Qxa7 Nd7 18. Bxc6 Qxc6 19. O-O Be7 20. Na5 Qc7 21.
Qxb7 Qxb7 22. Nxb7 Nb8 23. Rfd1 Nc6 24. a3 Rb8 25. Nd6+ Bxd6 26. cxd6 Kd7 27.
Rc4 Rb6 28. Bc3 Ra8 29. a4 g6 30. g4 Rba6 31. a5 R8a7 32. g5 Nxa5 33. Rf4 Nc6
34. Rxf7+ Ke8 35. Rc7 Rxc7 36. dxc7 Ra8 37. Rd6 Ne7 38. Be5 Nf5 39. Rxe6+ Kd7
40. Rb6 Rc8 41. Kg2 Ne7 42. Rd6+ Kxc7 43. Rxg6+ Kd7 44. Rh6 Rg8 45. h4 Nf5 46.
Rxh7+ Ke6 47. Bg3 Rg6 48. Kf3 Rg8 49. Kg4 Ng7 50. Rh6+ Kf7 51. Rf6+ Ke7 52. Bd6+
Kd7 53. Rg6 Re8 54. Rxg7+ Kxd6 55. h5 Re4+ 56. f4 Re1 57. Kf5 Rh1 58. h6 Rh5 59.
h7 Rh1 60. Rg6+ Kd5 1-0

[Event "19th Dubai Open 2017"]
[Site "Dubai UAE"]
[Date "2017.04.08"]
[Round "5.39"]
[White "Abbasov, Vusal"]
[Black "Viani, Antonio Dcunha"]
[Result "0-1"]
[BlackTitle "IM"]
[WhiteElo "2211"]
[BlackElo "2410"]
[WhiteFideId "13401777"]
[BlackFideId "5027330"]
[EventDate "2017.04.03"]

1. e4 c5 2. Nf3 e6 3. d4 cxd4 4. Nxd4 a6 5. Bd3 Bc5 6. Nb3 Ba7 7. O-O Nc6 8. Nc3
Nf6 9. Qe2 d6 10. a4 O-O 11. Be3 Bxe3 12. Qxe3 e5 13. Nd5 Nxd5 14. exd5 Ne7 15.
Rfd1 f5 16. f3 Ng6 17. c4 e4 18. Be2 f4 19. Qf2 e3 20. Qf1 Rf5 21. Bd3 Qb6 22.
Nd4 Qxd4 23. Qe2 Qc5 24. b4 Qxb4 25. Rab1 Qc5 26. Bxf5 Bxf5 27. Rxb7 Ne5 28. h3
Bd3 0-1

[Event "19th Dubai Open 2017"]
[Site "Dubai UAE"]
[Date "2017.04.08"]
[Round "6.1"]
[White "Santos Latasa, Jaime"]
[Black "Iturrizaga Bonelli, Eduardo"]
[Result "1/2-1/2"]
[WhiteTitle "IM"]
[BlackTitle "GM"]
[WhiteElo "2565"]
[BlackElo "2671"]
[WhiteFideId "2293307"]
[BlackFideId "3901211"]
[EventDate "2017.04.03"]

1. d4 Nf6 2. c4 e6 3. Nf3 Bb4+ 4. Bd2 Bxd2+ 5. Qxd2 b6 6. g3 Bb7 7. Bg2 O-O 8.
O-O d6 9. Rd1 Nbd7 10. Qc2 Qe7 11. Nc3 c5 12. d5 exd5 13. Nh4 g6 14. Nxd5 Nxd5
15. Bxd5 Bxd5 16. Rxd5 Nf6 17. Rd2 Rab8 18. Rad1 Rfd8 19. Ng2 b5 20. cxb5 Rxb5
21. Nf4 Rb4 22. b3 Re4 23. e3 Re5 24. Qc4 Kg7 25. Nd5 Nxd5 26. Rxd5 Rxd5 27.
Rxd5 Qf6 28. Kg2 Qe6 29. Qd3 Rd7 30. e4 f6 31. h3 Kf7 32. Qc4 Ke7 1/2-1/2

[Event "19th Dubai Open 2017"]
[Site "Dubai UAE"]
[Date "2017.04.08"]
[Round "6.3"]
[White "Safarli, Eltaj"]
[Black "Vignesh, N R"]
[Result "1-0"]
[WhiteTitle "GM"]
[BlackTitle "IM"]
[WhiteElo "2680"]
[BlackElo "2411"]
[WhiteFideId "13402129"]
[BlackFideId "25012215"]
[EventDate "2017.04.03"]

1. e4 e5 2. Nf3 Nc6 3. Bb5 Nf6 4. O-O Nxe4 5. d4 Nd6 6. Ba4 exd4 7. c3 d3 8.
Qxd3 Be7 9. Bf4 O-O 10. c4 Ne8 11. Nc3 d6 12. h3 Be6 13. Rad1 Nf6 14. Rfe1 Nh5
15. Bc1 g6 16. Bxc6 bxc6 17. Nd4 Qd7 18. Qf3 Bxc4 19. Nxc6 Be6 20. Bh6 Rfe8 21.
g4 Ng7 22. Ne4 f5 23. Nc5 fxg4 24. Qc3 Bf6 25. Qxf6 Qf7 26. Qxf7+ Bxf7 27. Nd7
Rxe1+ 28. Rxe1 Be6 29. Nf6+ Kf7 30. Nxh7 1-0

[Event "19th Dubai Open 2017"]
[Site "Dubai UAE"]
[Date "2017.04.08"]
[Round "6.4"]
[White "Bok, Benjamin"]
[Black "Korobov, Anton"]
[Result "1/2-1/2"]
[WhiteTitle "GM"]
[BlackTitle "GM"]
[WhiteElo "2605"]
[BlackElo "2695"]
[WhiteFideId "1017063"]
[BlackFideId "14105730"]
[EventDate "2017.04.03"]

1. Nf3 g6 2. e4 Bg7 3. d4 d6 4. Be3 Nd7 5. Be2 Ngf6 6. Nc3 O-O 7. O-O c6 8. a4
a5 9. Nd2 b6 10. f4 Bb7 11. Bd3 e6 12. e5 Ne8 13. Be4 Qc8 14. Nf3 c5 15. Bxb7
Qxb7 16. Nb5 cxd4 17. Qxd4 Rc8 18. Rf2 Nc5 19. Rd1 Qa8 20. Rff1 d5 21. c4 dxc4
22. Qxc4 Nc7 23. Nc3 N7a6 24. Qb5 Nb4 25. Bxc5 bxc5 26. Qc4 Rfd8 27. Rxd8+ Rxd8
28. Rd1 Rxd1+ 29. Nxd1 Bh6 30. Ne3 Nd5 31. Nxd5 Qxd5 32. Qxd5 exd5 33. g3 Kf8
34. Kf2 Ke7 35. Ke3 Ke6 36. Nd2 g5 37. Nb3 gxf4+ 38. gxf4 Kf5 39. Nxa5 Bxf4+ 40.
Kf3 Kxe5 41. Nb7 Bxh2 42. Kg2 Bf4 43. Kf3 Bd2 44. a5 Bxa5 45. Nxa5 Kd4 46. Ke2
c4 47. b4 c3 48. b5 Kc5 49. Kd3 Kxb5 50. Nb3 h5 51. Kxc3 h4 52. Nd4+ Kc5 53. Kd3
h3 54. Nf3 d4 55. Ng5 h2 56. Ne4+ Kd5 57. Nf2 f5 58. Nh1 Ke5 59. Nf2 Kd5 60. Nh1
Ke5 61. Nf2 Kf4 62. Kxd4 Kf3 63. Nh1 Ke2 64. Ng3+ Kf2 65. Nh1+ Kf3 66. Kd3 Kg2
67. Ke2 Kxh1 68. Kf2 f4 69. Kf1 f3 70. Kf2 1/2-1/2